00679nam a2200205Ia 4500999001700000001000600017005001700023008004100040020001800081040001300099082002000112100002300132245012500155260004000280300001100320546000700331700001800338942000700356952011000363 c38612d386123930220210316192410.0140423s9999 xx 000 0 und d a9780684852867 cPK-LaUMT a 658.409bBUC-F aBuckingham, Marcus aFirst, break all the rules :bwhat the world's greatest managers do differently /cby Marcus Buckingham and Curt Coffman aNew York :bSimon & Schuster,c1999 a271 p. aEN aCoffman, Curt cBK 00104070a01b01d2014-04-23l2o 658.409 BUC-Fp42512r2021-03-15 00:00:00s2019-12-05w2014-05-05yBK